000 01107nam a22002897a 4500
999 _c64287
_d64287
005 20240530110724.0
008 180407s2017 xxua g b 000 0 ara d
017 _a2016/21631
_bمصر. دار الكتب
020 _a9777800761
040 _aEG-CaGPL
_cEG-CaGPL
082 _221
_a709.04\
_bع أ
100 0 _aعيد سعد يونس
245 1 0 _aاصول وجذور :
_bدراسة كشفية للاصول الاسلامية للفن التشكيلى المعاصر /
_cتأليف عيد سعد يونس .
250 _aط.1
260 _aالقاهرة :
_bعالم الكتب ،
_c2017 .
300 _a417 ص. ؛
_c24 سم.
650 0 7 _2qrmak
_aالفن التشكيلى
650 0 7 _2qrmak
_aفن الفراكتال
650 0 7 _2qrmak
_aالزخرفة الاسلامية
650 0 7 _2qrmak
_aالمدرسة السريالية
650 0 7 _2qrmak
_aالمدرسة التجريدية
650 0 7 _2qrmak
_aالمدرسة التكعيبية
650 0 7 _2qrmak
_aالفن الاسلامى
651 _2qrmak
942 _2ddc
_cBK